000 00567nam a2200205Ia 4500
005 20250923145250.0
008 008 250917s9999 xx 000 0 eng d
037 _aTextual
040 _aDSWL
_beng
_cDSWL
041 _aeng
_2eng
084 _aZ(Q7;4x1.1), N73
_qDSWL
100 _aLingat, Robert
_9833483
245 0 _aClassical Law of India
_cby Robert Lingat
260 _aNew Delhi
_bThompson Press
_c1973
300 _axviii,305p.
365 _aINR
_b48
925 _g48
942 _cTEXL
_hZ(Q7;4x1.1), N73
999 _c1449195
_d1449195